| 000 | 00591nam a22001937a 4500 | ||
|---|---|---|---|
| 003 | DO-SdBNP | ||
| 005 | 20180309084552.0 | ||
| 008 | 180309b1978 ck||||| |||| 00| 0 spa d | ||
| 040 |
_aBPMSU _bspa _cBPMSU |
||
| 100 | _aVallejo Bolaño, Luis | ||
| 245 |
_aLas maravillas del señor 3 / _cLuis Vallejo Bolaño, Gloria Cuellar de López |
||
| 250 | _a7 ma ed. | ||
| 260 |
_aBogotá : _bCentro Nacional de Catequesis _c1978 |
||
| 300 |
_a[ 112 p. ] _bil. _c24 cm |
||
| 700 | _aCuellar de López, Gloria | ||
| 942 |
_2ddc _cBK |
||
| 945 | _ainventariado, 2018 / dg | ||
| 956 |
_adgarcia _b10 |
||
| 999 |
_c13347 _d13347 |
||